000 00851nam a2200289Ia 4500
001 9901
003 IT-RoPAU
008 130308s9999 xx 000 0 und d
040 _aIT-RoPAU
040 _cIT-RoPAU
041 _aITALIANO
100 _aPlemencka Vlahovic
100 _gCodice Aut. SPICS: 2484
245 _aRuolo del magnetofono e dell'insegnante nell'apprendimento dell'italiano da parte degli adulti (Il)
245 _bAudiovisivi e L'Insegnamento delle Lingue Moderne (Gli)
250 _a1a ed.
260 _aMILANO
260 _bComune Di Milano
260 _c1968 [1° Ed.:1968 - Ed.Ling.Originale:1968]
300 _a"5 p. (prefazione: no ; testo: 5 [pagine: 103-107])"
650 _aDIDATTICA AUDIOVISIVA
650 _eCodice materia Spics: 4002
942 _cBK
957 _71
999 _c46101
_d46101
999 _bSI
999 _g1